<?xml version="1.0" encoding="UTF-8"?>
<record
    xmlns:xsi="http://www.w3.org/2001/XMLSchema-instance"
    xsi:schemaLocation="http://www.loc.gov/MARC21/slim http://www.loc.gov/standards/marcxml/schema/MARC21slim.xsd"
    xmlns="http://www.loc.gov/MARC21/slim">

  <leader>01216nam a22002537a 4500</leader>
  <controlfield tag="003">OSt</controlfield>
  <controlfield tag="005">20181129090845.0</controlfield>
  <controlfield tag="008">180227b        xxu||||| |||| 00| 0 spa d</controlfield>
  <datafield tag="020" ind1=" " ind2=" ">
    <subfield code="a">9501401928</subfield>
  </datafield>
  <datafield tag="040" ind1=" " ind2=" ">
    <subfield code="c">PJ</subfield>
  </datafield>
  <datafield tag="100" ind1=" " ind2=" ">
    <subfield code="9">104</subfield>
    <subfield code="a">Escola, H&#xE9;ctor Jorge</subfield>
  </datafield>
  <datafield tag="245" ind1="1" ind2="0">
    <subfield code="a">Compendio de derecho administrativo / </subfield>
  </datafield>
  <datafield tag="260" ind1=" " ind2=" ">
    <subfield code="a">Buenos Aires :</subfield>
    <subfield code="b">Depalma,</subfield>
    <subfield code="c">1990.</subfield>
  </datafield>
  <datafield tag="300" ind1=" " ind2=" ">
    <subfield code="a">2 v.</subfield>
    <subfield code="c">22 cm.</subfield>
  </datafield>
  <datafield tag="500" ind1=" " ind2=" ">
    <subfield code="a">Notas y citas a pie de p&#xE1;gina.</subfield>
  </datafield>
  <datafield tag="505" ind1=" " ind2=" ">
    <subfield code="a">Contenido: 
v. 1: Administraci&#xF3;n p&#xFA;blica. Derecho administrativo. Relaciones jur&#xED;dicas subjetivas. Organizaci&#xF3;n administrativa. Funci&#xF3;n p&#xFA;blica. Servicios p&#xFA;blicos. Actos administrativos. Obligaciones administrativas. 
v. 2: Contratos administrativos.  Actividades administrativa. Actividades administrativas de coacci&#xF3;n. Dominio p&#xFA;blico. Limitaciones administrativas a la propiedad privada. Responsabilidad del estado. Principio de legalidad.
</subfield>
  </datafield>
  <datafield tag="650" ind1=" " ind2="0">
    <subfield code="a">DERECHO ADMINISTRATIVO</subfield>
    <subfield code="9">211</subfield>
  </datafield>
  <datafield tag="650" ind1=" " ind2="0">
    <subfield code="a">ADMINISTRACION PUBLICA</subfield>
    <subfield code="9">877</subfield>
  </datafield>
  <datafield tag="650" ind1=" " ind2="0">
    <subfield code="a">PROCEDIMIENTO ADMINISTRATIVO</subfield>
    <subfield code="9">1135</subfield>
  </datafield>
  <datafield tag="650" ind1=" " ind2="0">
    <subfield code="a">ACTO ADMINISTRATIVO</subfield>
    <subfield code="9">1171</subfield>
  </datafield>
  <datafield tag="650" ind1=" " ind2="0">
    <subfield code="a">CONTRATOS ADMINISTRATIVOS</subfield>
    <subfield code="9">1170</subfield>
  </datafield>
  <datafield tag="650" ind1=" " ind2="0">
    <subfield code="a">RECURSOS ADMINISTRATIVOS</subfield>
    <subfield code="9">1136</subfield>
  </datafield>
  <datafield tag="942" ind1=" " ind2=" ">
    <subfield code="2">udc</subfield>
    <subfield code="c">LIB</subfield>
    <subfield code="h">342.9</subfield>
    <subfield code="i">ESC</subfield>
  </datafield>
  <datafield tag="999" ind1=" " ind2=" ">
    <subfield code="c">2122</subfield>
    <subfield code="d">2122</subfield>
  </datafield>
  <datafield tag="952" ind1=" " ind2=" ">
    <subfield code="0">0</subfield>
    <subfield code="1">0</subfield>
    <subfield code="2">udc</subfield>
    <subfield code="4">0</subfield>
    <subfield code="7">0</subfield>
    <subfield code="a">DJS</subfield>
    <subfield code="b">DJS</subfield>
    <subfield code="d">2018-11-29</subfield>
    <subfield code="h">V. 1</subfield>
    <subfield code="l">1</subfield>
    <subfield code="o">342.9 ESC</subfield>
    <subfield code="p">1552</subfield>
    <subfield code="r">2023-11-29</subfield>
    <subfield code="s">2022-09-30</subfield>
    <subfield code="w">2018-11-29</subfield>
    <subfield code="y">LIB</subfield>
  </datafield>
  <datafield tag="952" ind1=" " ind2=" ">
    <subfield code="0">0</subfield>
    <subfield code="1">0</subfield>
    <subfield code="2">udc</subfield>
    <subfield code="4">0</subfield>
    <subfield code="7">0</subfield>
    <subfield code="a">DJS</subfield>
    <subfield code="b">DJS</subfield>
    <subfield code="d">2018-11-29</subfield>
    <subfield code="h">V. 2</subfield>
    <subfield code="o">342.9 ESC</subfield>
    <subfield code="p">1553</subfield>
    <subfield code="r">2018-11-29</subfield>
    <subfield code="w">2018-11-29</subfield>
    <subfield code="y">LIB</subfield>
  </datafield>
</record>
